| 000 | 00723nam a22002297a 4500 | ||
|---|---|---|---|
| 003 | DO-SdBNP | ||
| 005 | 20221031154602.0 | ||
| 007 | ta | ||
| 008 | 221031b1987 dr ||||| |||| 00| 0 spa d | ||
| 040 |
_aDO-SdBNP _bspa _cBNPHU |
||
| 082 | 4 | _222 | |
| 100 | 1 |
_aRussin, Jonathan _958150 |
|
| 245 | 1 | 0 |
_aConstitución de una compañia por acciones en la República Dominicana / _cJonathan Russin, Luis Heredia Bonetti ; editor Miguel A. Heredia Bonetti |
| 250 | _a4a ed. | ||
| 260 |
_aSanto Domingo : _bs.n., _c1987. |
||
| 300 |
_a43 p. ; _c21 cm. |
||
| 590 | _aInventariado, 2022/BT | ||
| 700 | 1 |
_aHeredia Bonetti, Luis _99316 |
|
| 700 | 1 |
_aHeredia Bonetti, Miguel A., _eed. _982620 |
|
| 910 | _aBtavárez | ||
| 942 |
_2ddc _cLF2 |
||
| 999 |
_c52689 _d52689 |
||